[Event "Wuerttemberg-ch U18"]
[Site "Stuttgart"]
[Date "2003.04.24"]
[Round "5"]
[White "Schlaich, Tobias"]
[Black "Wilhelm, Anton"]
[Result "1/2-1/2"]
[WhiteElo "1475"]
[BlackElo "1794"]
[PlyCount "67"]
[EventDate "2003.04.??"]
[EventType "swiss"]
[EventRounds "7"]
[EventCountry "GER"]
[SourceTitle "EXT 2005"]
[Source "ChessBase"]
[SourceDate "2004.11.15"]
[SourceVersion "1"]
[SourceVersionDate "2004.11.15"]
[SourceQuality "1"]

1. e4 c5 2. Nc3 Nc6 3. g3 d6 4. d3 g6 5. Bg2 Bg7 6. Bd2 e6 7. f4 Nge7 8. Nf3 0-0 9. 0-0 Nd4 10. h3 a6 11. Rb1 Rb8 12. Ne2 b5 13. Nexd4 cxd4 14. c3 dxc3 15. bxc3 d5 16. e5 Nf5 17. Kh2 h5 18. c4 dxc4 19. dxc4 Bd7 20. c5 Bc6 21. Nh4 Bxg2 22. Nxg2 h4 23. gxh4 Nxh4 24. Nxh4 Qxh4 25. Qf3 Rfd8 26. Ba5 Rd5 27. c6 Bf8 28. Rbd1 Be7 29. c7 Rc8 30. Rxd5 exd5 31. Qxd5 Qh5 32. Kg2 Qf5 33. Qd2 Kg7 34. Qd4 1/2-1/2

[Event "Wuerttemberg-ch U18"]
[Site "Stuttgart"]
[Date "2003.04.23"]
[Round "3"]
[White "Roemischer, Frank"]
[Black "Wilhelm, Anton"]
[Result "0-1"]
[WhiteElo "1448"]
[BlackElo "1794"]
[PlyCount "52"]
[EventDate "2003.04.??"]
[EventType "swiss"]
[EventRounds "7"]
[EventCountry "GER"]
[SourceTitle "EXT 2005"]
[Source "ChessBase"]
[SourceDate "2004.11.15"]
[SourceVersion "1"]
[SourceVersionDate "2004.11.15"]
[SourceQuality "1"]

1. e4 c5 2. Nf3 Nc6 3. d4 cxd4 4. Nxd4 Nf6 5. Nc3 e5 6. Nf3 Bb4 7. Bd2 Bxc3 8. Bxc3 Nxe4 9. Bxe5 Nxe5 10. Nxe5 Qa5+ 11. c3 Qxe5 12. Qe2 d6 13. 0-0-0 0-0 14. Kb1 Bf5 15. Ka1 Rfe8 16. f3 Nc5 17. Qxe5 Rxe5 18. Bc4 Rd8 19. a3 Be6 20. Bxe6 Rxe6 21. g3 b6 22. f4 Nb7 23. Rd2 Rde8 24. Ka2 Re1 25. Rxe1 Rxe1 26. Kb3 Re4 0-1